| 000 | 01080nam a2200313Ia 4500 | ||
|---|---|---|---|
| 001 | Para_747 | ||
| 003 | CHAP | ||
| 008 | 220125s1993 xx 000 0 und d | ||
| 010 | _a199472 | ||
| 040 | _cCHAP | ||
| 090 | _aPA TESIS 718 | ||
| 100 |
_aLara Bega, J. Reyes _9164695 |
||
| 245 |
_aComparación de los aspectos biologicos de Anastrepha obliqua (Maequart) en mango (Mangifera indica L.) y jobo (Spondias mombin L.) infestados en condiciones de campo / _c por J. Reyes Lara Vega |
||
| 260 |
_aChapingo, Méx. : _b El autor |
||
| 300 | _a69 h. | ||
| 502 | _aTesis (Ing. Agr. Esp. en Parasitología Agrícola) -- UACh. Depto. Parasitología | ||
| 650 |
_aAnastrepha obliqua _95488 |
||
| 650 |
_aCiruela _x plagas _923422 |
||
| 650 |
_aMango _x plagas _970443 |
||
| 650 |
_aMosca de la fruta _978989 |
||
| 710 |
_aUACh. Departamento Parasitología Agrícola _9164025 |
||
| 901 | _aPA TESIS 718 | ||
| 902 | _aA | ||
| 905 | _a0000001993 0000000000 00 | ||
| 910 | _a1993 | ||
| 942 | _cPARA | ||
| 942 |
_cPARA _d1 |
||
| 999 |
_c199472 _d199472 |
||